00562nam a2200169Ia 4500003000900000008004100009020001800050040001600068080001500084100002000099245011300119260003400232300001300266490005800279650003300337700002200370IN-BaIIA211028s9999 xx 000 0 eng d a0-19-850719-4 cIIA Library a539.1bPIT aPitaevskii, Lev 0aBose-Einstein condensationcLev Pitaevskii and Sandro Stringari  aOxfordbClarendon Pressc2003 ax, 382p. aInternational series of monographs on physics; v. 116 aBose - Einstein condensation aStringari, Sandro